Strategic marketing
Guardat en:
| Autor principal: | |
|---|---|
| Altres autors: | |
| Format: | Llibre |
| Idioma: | anglès |
| Publicat: |
Boston, MA.
McGraw-Hill
c2006
|
| Edició: | 8th ed. |
| Matèries: | |
| Etiquetes: |
Afegir etiqueta
Sense etiquetes, Sigues el primer a etiquetar aquest registre!
|
MARC
| LEADER | 00000nam a22000005a 4500 | ||
|---|---|---|---|
| 003 | CL-ChBUA | ||
| 005 | 20120918102732.0 | ||
| 008 | 120918s2006 xxu||||| |||| 000 ||eng | ||
| 020 | |a 0072966343 | ||
| 040 | |a CL-ChBUA |c CL-ChBUA | ||
| 082 | 0 | 0 | |a 658.802 |
| 100 | 1 | |a Cravens, David W. | |
| 245 | 1 | 0 | |a Strategic marketing |
| 250 | |a 8th ed. | ||
| 260 | |a Boston, MA. |b McGraw-Hill |c c2006 | ||
| 300 | |a 726 p. |c 27 cm. | ||
| 504 | |a índice, il. | ||
| 650 | 4 | |a COMERCIALIZACION. | |
| 650 | 4 | |a ADMINISTRACION DE COMERCIALIZACION. | |
| 700 | 1 | |a Piercy, Nigel F. | |
| 942 | |2 ddc |c LIB | ||
| 952 | |0 0 |1 0 |2 ddc |4 0 |6 658_802000000000000_C_898_C_1 |7 0 |9 1135021 |a UNACH |b UNACH |c 600 |d 2012-09-18 |i 49.755 |l 0 |o 658.802 / C 898 c.1 |p 70985 |r 2024-08-21 00:00:00 |t 1 |w 2012-09-18 |y LIB | ||
| 952 | |0 0 |1 0 |2 ddc |4 0 |6 658_802000000000000_C_898_C_2 |7 0 |9 1135022 |a UNACH |b UNACH |c 600 |d 2012-09-18 |i 49.756 |l 0 |o 658.802 / C 898 c.2 |p 70986 |r 2012-12-27 00:00:00 |t 2 |w 2012-09-18 |y LIB | ||
| 952 | |0 0 |1 0 |2 ddc |4 0 |6 658_802000000000000_C_898_C_3 |7 0 |9 1135023 |a UNACH |b UNACH |c 600 |d 2012-09-18 |i 49.757 |l 0 |o 658.802 / C 898 c.3 |p 70987 |r 2012-12-27 00:00:00 |t 3 |w 2012-09-18 |y LIB | ||
| 999 | |c 2059430 |d 2059430 | ||